| 000 | 00742nam a2200241 a 4500 | ||
|---|---|---|---|
| 001 | BD-DhSAU 7750 | ||
| 003 | BD-DhSAU | ||
| 005 | 20150528130508.0 | ||
| 008 | 840511s1982 bg a rb 000 0 eng | ||
| 040 | _aBD-DhSAU | ||
| 082 | 0 | 0 |
_a--- _222 _bKHU |
| 100 | 0 | _aBarkat-e-Khuda. | |
| 245 | 1 | 4 |
_aThe use of time and underemployment in rural Bangladesh / _cBarkak-e-Khuda. |
| 260 |
_aDhaka : _bUniversity of Dhaka, _cc1982. |
||
| 300 |
_axv, 205 p. : _c25 cm. |
||
| 504 | _aIncludes bibliographical references. | ||
| 590 | _ajoy | ||
| 650 | 0 |
_aManpower policy, Rural _zBangladesh _zBarkait. |
|
| 650 | 0 |
_aUnderemployment _zBangladesh _zBarkait. |
|
| 650 | 0 |
_aLabor supply _zBangladesh _zBarkait. |
|
| 650 | 0 | _aExtension. | |
| 942 |
_2ddc _cBOOK |
||
| 999 |
_c7750 _d7750 |
||